000 01003nam0a2200337 4500
001 RU\NLR\bibl\1131681
005 20250615071537.0
010 _a978-5-699-21420-4
_95000
021 _aRU
_b2007-55178
_92933
035 _a(nilc)EL/0000132870
035 _a(NLR Aleph) 001118588
090 _a1283498
_c1283498
100 _a20070702d2007 |||y0rusy50 ca
101 0 _arus
102 _aRU
105 _ay z |||||
200 1 _aПревед, красавчег!
_e[роман]
_fДенис Полесский
210 _aМосква
_cЭксмо
_d2007
215 _a347, [1] с.
_d20
225 1 _aБойfriend
686 _a84Р6
_vLBC/PL
_2rubbk
686 _aШ6(2=Р)75-440.4
700 1 _aПолесский
_bД.
_gДенис
_4070
801 0 _aRU
_bЦУНБ Москва
_c20070702
_grcr
801 1 _aRU
_bЦУНБ Москва
_c20070702
801 2 _aRU
_bNLR
_c20070924
_grcr
942 _cBOOK
980 _aNB